Determinants of Non-Life Insurance Consumption

Vplyv osobných, demografických a ekonomických faktorov na spotrebu neživotného poistenia v Slovenskej republike. Neživotné poistenie je zložitá a abstraktná služba, ktorá sa stáva čoraz dôležitejšou súčasťou ochrany majetku jednotlivcov poskytnutím širokej škály politík pre spotrebiteľov.

Guardado en:
Detalles Bibliográficos
Autor principal: Ondruška, Tomáš, 1988-
Otros Autores: Brokešová, Zuzana, 1985-, Pastoráková, Erika, 1972-
Formato: Capítulo de libro
Lenguaje:inglés
Materias:
Etiquetas: Agregar Etiqueta
Sin Etiquetas, Sea el primero en etiquetar este registro!

MARC

LEADER 00000naa$a2200000$$$4500
001 0248749
005 20240502083706.7
041 0 |a eng 
044 |a CZ 
245 1 0 |a Determinants of Non-Life Insurance Consumption  |c Tomáš Ondruška, Zuzana Brokešová, Erika Pastoráková 
520 |a Vplyv osobných, demografických a ekonomických faktorov na spotrebu neživotného poistenia v Slovenskej republike. Neživotné poistenie je zložitá a abstraktná služba, ktorá sa stáva čoraz dôležitejšou súčasťou ochrany majetku jednotlivcov poskytnutím širokej škály politík pre spotrebiteľov. 
610 2 0 |a poistenie 
610 2 0 |a poistenie neživotné 
610 2 0 |a trh poistný 
610 2 0 |a dopyt 
610 2 0 |a dopyt spotrebiteľský 
610 2 0 |a spotrebitelia 
100 1 |a Ondruška, Tomáš, 1988- 
700 1 |a Brokešová, Zuzana, 1985- 
700 1 |a Pastoráková, Erika, 1972-